000 00562nam a2200181Ia 4500
003 GCL
008 140319s9999 xx 000 0 ara d
040 _aGCL /
_cGCL
082 0 4 _a811.9
_bم م
100 1 _aمحمد طاهر الجبلاوى
245 1 0 _aالمختار من الشعر الحديث /
_cمحمد طاهر الجبلاوى
300 _a168
490 _aالالف كتاب
_v0
650 0 4 _aالادب العربى
650 0 4 _aالعصر الحديث
650 0 4 _aالشعر العربى - دواوين وقصائد
942 _2ddc
_cBK
999 _c43629
_d43629